[Event "Senta op 25th"]
[Site "Senta"]
[Date "2021.07.19"]
[Round "4"]
[White "Nugumanov, Bakhtiyar"]
[Black "Molnar Gabor, Roland"]
[Result "1-0"]
[WhiteElo "2375"]
[BlackElo "2057"]
[PlyCount "67"]
[EventDate "2021.07.17"]
[EventType "swiss"]
[EventRounds "9"]
[EventCountry "SRB"]
[SourceTitle "EXT 2022"]
[Source "ChessBase"]
[SourceDate "2021.10.06"]
[SourceVersion "1"]
[SourceVersionDate "2021.10.06"]
[SourceQuality "1"]

1. d4 Nf6 2. Nf3 g6 3. c4 Bg7 4. e3 0-0 5. Be2 d5 6. cxd5 Nxd5 7. e4 Nb6 8. Nc3 Bg4 9. Be3 Nc6 10. d5 Bxf3 11. gxf3 Ne5 12. Qb3 c5 13. f4 c4 14. Qc2 Nd3+ 15. Bxd3 cxd3 16. Qxd3 e5 17. f5 gxf5 18. f3 fxe4 19. fxe4 f5 20. 0-0-0 f4 21. Bf2 Rc8 22. Kb1 Nc4 23. d6 Qd7 24. Bh4 Bf6 25. Bxf6 Rxf6 26. Nd5 Rf7 27. Ne7+ Rxe7 28. dxe7 Qxe7 29. Rc1 Qb4 30. b3 Nd2+ 31. Kb2 Rf8 32. Qd5+ Kh8 33. Qxe5+ Kg8 34. Rhg1+ 1-0

[Event "Senta op 25th"]
[Site "Senta"]
[Date "2021.07.18"]
[Round "3"]
[White "Molnar Gabor, Roland"]
[Black "Farkas, Tibor"]
[Result "1-0"]
[WhiteElo "2057"]
[BlackElo "2276"]
[PlyCount "61"]
[EventDate "2021.07.17"]
[EventType "swiss"]
[EventRounds "9"]
[EventCountry "SRB"]
[SourceTitle "EXT 2022"]
[Source "ChessBase"]
[SourceDate "2021.10.06"]
[SourceVersion "1"]
[SourceVersionDate "2021.10.06"]
[SourceQuality "1"]

1. e4 c5 2. c3 Nf6 3. e5 Nd5 4. d4 cxd4 5. Nf3 e6 6. cxd4 b6 7. Bc4 Bb7 8. 0-0 d6 9. Re1 Be7 10. Nbd2 Nd7 11. Ne4 dxe5 12. dxe5 Qc7 13. Bxd5 Bxd5 14. Nd6+ Kf8 15. Ng5 Nxe5 16. Ndxf7 Nxf7 17. Qxd5 Qxh2+ 18. Kxh2 exd5 19. Ne6+ Kg8 20. Bf4 Bb4 21. Red1 Re8 22. Nc7 Re2 23. a3 Bf8 24. Re1 Rxf2 25. Kg3 Rxb2 26. Re8 Nh6 27. Bxh6 gxh6 28. Rf1 Rb3+ 29. Kg4 Kg7 30. Ne6+ Kg6 31. Nxf8+ 1-0

[Event "Senta op 25th"]
[Site "Senta"]
[Date "2021.07.17"]
[Round "1"]
[White "Molnar Gabor, Roland"]
[Black "Balla, Tamas Kristof"]
[Result "0-1"]
[WhiteElo "2057"]
[BlackElo "2336"]
[PlyCount "66"]
[EventDate "2021.07.17"]
[EventType "swiss"]
[EventRounds "9"]
[EventCountry "SRB"]
[SourceTitle "EXT 2022"]
[Source "ChessBase"]
[SourceDate "2021.10.06"]
[SourceVersion "1"]
[SourceVersionDate "2021.10.06"]
[SourceQuality "1"]

1. e4 c5 2. c3 d5 3. exd5 Qxd5 4. d4 Nc6 5. Nf3 Bg4 6. Be2 e6 7. h3 Bh5 8. 0-0 Nf6 9. Be3 cxd4 10. cxd4 Be7 11. Nc3 Qa5 12. a3 0-0 13. Qb3 Rfc8 14. Rfd1 Nd5 15. Nxd5 Qxd5 16. Qxd5 exd5 17. Rac1 Na5 18. g4 Bg6 19. Ne5 Bc2 20. Rd2 Be4 21. Rxc8+ Rxc8 22. Bd3 f6 23. Bxe4 dxe4 24. b4 Nb3 25. Rb2 Nc1 26. Nd7 b6 27. Rb1 Nd3 28. f3 exf3 29. Rb3 Nc1 30. Rb1 Ne2+ 31. Kf2 Rd8 32. Kxf3 Nc3 33. Rc1 Nd5 0-1

[Event "Senta City-ch"]
[Site "Senta"]
[Date "2020.02.14"]
[Round "9"]
[White "Farkas, Sandor I"]
[Black "Molnar Gabor, Roland"]
[Result "1-0"]
[WhiteElo "2035"]
[BlackElo "1997"]
[PlyCount "141"]
[EventDate "2020.01.27"]
[EventType "swiss"]
[EventRounds "9"]
[EventCountry "SRB"]
[SourceTitle "CBM 195 Extra"]
[Source "ChessBase"]
[SourceDate "2020.05.31"]
[SourceVersion "1"]
[SourceVersionDate "2020.05.31"]
[SourceQuality "1"]

1. e4 e5 2. Nf3 Nc6 3. d4 exd4 4. Nxd4 Bc5 5. Nb3 Bb6 6. Nc3 Nf6 7. Bg5 a5 8. Bb5 0-0 9. Nd5 Bxf2+ 10. Kf1 Nxd5 11. Bxd8 Ne3+ 12. Ke2 Nxd1 13. Bxc7 a4 14. Rhxd1 axb3 15. Kxf2 bxc2 16. Re1 Re8 17. e5 Nd4 18. Bd3 f6 19. exf6 Rxe1 20. Rxe1 gxf6 21. Ke3 Ne6 22. Bd6 b6 23. Bxc2 Bb7 24. a3 Ra5 25. g3 Kf7 26. Rf1 h6 27. Rf5 Rxf5 28. Bxf5 Bc6 29. b4 Ba4 30. Bd3 b5 31. g4 Kg7 32. Bg3 d5 33. Bd6 Kf7 34. Bc5 Ke8 35. Bd4 Ke7 36. Bc5+ Nxc5 37. bxc5 Kd7 38. Kd4 Kc6 39. Bg6 Bd1 40. h3 Kd7 41. Kxd5 Bf3+ 42. Be4 Be2 43. Bf5+ Kc7 44. Ke6 h5 45. gxh5 Bxh5 46. Be4 Be2 47. Kxf6 Kd7 48. h4 Bd1 49. Bd5 Be2 50. Ke5 Kc7 51. Kd4 Bd1 52. Kc3 Be2 53. Kb4 Kd7 54. Bf7 Ke7 55. Bg6 Kd7 56. h5 Bxh5 57. Bxh5 Kc6 58. Be2 Kc7 59. Kxb5 Kb7 60. c6+ Kc7 61. Kc5 Kb8 62. Bg4 Kc7 63. Bh3 Kb8 64. Kd6 Ka7 65. c7 Kb6 66. c8Q Ka7 67. Qc3 Kb6 68. Qb4+ Ka7 69. Kc7 Ka6 70. Bc8+ Ka7 71. Qb7# 1-0

[Event "Paracin Summer op-B 12th"]
[Site "Paracin"]
[Date "2019.07.11"]
[Round "8"]
[White "Radojkovic, Stefan"]
[Black "Molnar Gabor, Roland"]
[Result "1-0"]
[WhiteElo "1895"]
[BlackElo "2044"]
[PlyCount "79"]
[EventDate "2019.07.05"]
[EventType "swiss"]
[EventRounds "9"]
[EventCountry "SRB"]
[SourceTitle "EXT 2020"]
[Source "ChessBase"]
[SourceDate "2019.10.17"]
[SourceVersion "1"]
[SourceVersionDate "2019.10.17"]
[SourceQuality "1"]

1. c4 Nf6 2. Nf3 e6 3. g3 d5 4. d4 c5 5. Bg2 Nc6 6. 0-0 dxc4 7. Qa4 Bd7 8. Qxc4 Qb6 9. dxc5 Bxc5 10. Nc3 Na5 11. Qf4 0-0 12. Ne5 Rad8 13. Nxd7 Rxd7 14. Na4 Qb5 15. Nxc5 Qxc5 16. Be3 Qb5 17. b4 Nc6 18. Bc5 Rfd8 19. Qe3 Qa4 20. Bxc6 bxc6 21. Rfc1 Rd1+ 22. Kg2 Rxc1 23. Qxc1 h6 24. Be7 Rd5 25. Bxf6 gxf6 26. Qxh6 Qxb4 27. Qxf6 Rf5 28. Qd8+ Kg7 29. Qd3 Qb2 30. Rb1 Qxa2 31. Qd4+ Kh7 32. Qh4+ Kg7 33. Rb8 Qd5+ 34. e4 Rxf2+ 35. Kh3 Rxh2+ 36. Kxh2 Qd2+ 37. Kh3 f5 38. Qe7+ Kg6 39. Rg8+ Kh5 40. Qh4# 1-0

[Event "Paracin Summer op-B 12th"]
[Site "Paracin"]
[Date "2019.07.10"]
[Round "7"]
[White "Molnar Gabor, Roland"]
[Black "Albayrak, Abdurrahman Kerem"]
[Result "0-1"]
[WhiteElo "2044"]
[BlackElo "1866"]
[PlyCount "82"]
[EventDate "2019.07.05"]
[EventType "swiss"]
[EventRounds "9"]
[EventCountry "SRB"]
[SourceTitle "EXT 2020"]
[Source "ChessBase"]
[SourceDate "2019.10.17"]
[SourceVersion "1"]
[SourceVersionDate "2019.10.17"]
[SourceQuality "1"]

1. e4 c5 2. c3 Nf6 3. e5 Nd5 4. Nf3 e6 5. d4 cxd4 6. cxd4 d6 7. Bc4 Be7 8. 0-0 0-0 9. Re1 b6 10. Bxd5 exd5 11. Nc3 Be6 12. Bf4 a6 13. Re3 Nc6 14. Qd3 dxe5 15. Nxe5 Nxe5 16. Rxe5 Bf6 17. Re3 Qd7 18. Rae1 Bf5 19. Qd1 Rac8 20. h3 Rc4 21. Be5 Bg5 22. f4 Bh4 23. g3 f6 24. gxh4 fxe5 25. Rxe5 Bxh3 26. Kh2 Bg4 27. Qd3 Rxf4 28. Re8+ Rf8 29. Rxf8+ Kxf8 30. Qxh7 Qd6+ 31. Kg2 Rxd4 32. Qh8+ Kf7 33. Qe8+ Kf6 34. Rf1+ Bf5 35. Qh5 Qe5 36. Rf2 Rd3 37. Ne2 Qe4+ 38. Kg1 Rd1+ 39. Rf1 Qe3+ 40. Kg2 Qh3+ 41. Kf2 Rxf1# 0-1

[Event "Senta op 21st"]
[Site "Senta"]
[Date "2017.07.30"]
[Round "8"]
[White "Molnar Gabor, Roland"]
[Black "Vilagos, Nandor"]
[Result "1-0"]
[WhiteElo "1936"]
[BlackElo "2106"]
[PlyCount "53"]
[EventDate "2017.07.24"]
[EventType "swiss"]
[EventRounds "9"]
[EventCountry "SRB"]
[SourceTitle "CBM 179 Extra"]
[Source "ChessBase"]
[SourceDate "2017.08.23"]
[SourceVersion "1"]
[SourceVersionDate "2017.08.23"]
[SourceQuality "1"]

1. e4 Nf6 2. Nc3 d5 3. exd5 Nxd5 4. Bc4 e6 5. Nf3 Be7 6. d4 Nxc3 7. bxc3 0-0 8. 0-0 Nd7 9. Re1 c5 10. Bf4 Nb6 11. Bd3 c4 12. Bf1 Bd7 13. Ne5 Bb5 14. Bd2 Qc7 15. Rb1 Ba6 16. Re3 Nd7 17. Qh5 Nf6 18. Qe2 Rfe8 19. Rh3 Bf8 20. g4 Nd7 21. Qe4 g6 22. g5 Nxe5 23. dxe5 Bg7 24. Re1 Rad8 25. Be3 Qxe5 26. Qh4 Qxc3 27. Qxh7+ 1-0

[Event "Senta op 21st"]
[Site "Senta"]
[Date "2017.07.28"]
[Round "5"]
[White "Molnar Gabor, Roland"]
[Black "Vranic, Ljubomir"]
[Result "0-1"]
[WhiteElo "1936"]
[BlackElo "2185"]
[PlyCount "72"]
[EventDate "2017.07.24"]
[EventType "swiss"]
[EventRounds "9"]
[EventCountry "SRB"]
[SourceTitle "CBM 179 Extra"]
[Source "ChessBase"]
[SourceDate "2017.08.23"]
[SourceVersion "1"]
[SourceVersionDate "2017.08.23"]
[SourceQuality "1"]

1. e4 d6 2. d4 Nf6 3. Bd3 g6 4. Nf3 Bg7 5. h3 0-0 6. 0-0 Nfd7 7. Bg5 c5 8. c3 cxd4 9. Nxd4 Nc6 10. Nb3 b6 11. N1d2 Nc5 12. Be2 Kh8 13. Qc2 f5 14. Nxc5 bxc5 15. f4 Rb8 16. Bf3 Qc7 17. e5 dxe5 18. Bxc6 Qxc6 19. fxe5 Bxe5 20. Bxe7 Re8 21. Bg5 Ba6 22. Nf3 Bxf1 23. Nxe5 Rxe5 24. Rxf1 Rbe8 25. Rf2 Re1+ 26. Kh2 Qd6+ 27. Rf4 R8e4 28. Qf2 R1e2 29. Qf3 Kg7 30. c4 h6 31. Qc3+ Kh7 32. Bxh6 Qd4 33. Qc1 Re1 34. Rxe4 Qg1+ 35. Kg3 Rxc1 36. Bxc1 fxe4 0-1

[Event "Senta op 21st"]
[Site "Senta"]
[Date "2017.07.25"]
[Round "2"]
[White "Molnar Gabor, Roland"]
[Black "Juhasz, Bencze"]
[Result "0-1"]
[WhiteElo "1936"]
[BlackElo "2158"]
[PlyCount "108"]
[EventDate "2017.07.24"]
[EventType "swiss"]
[EventRounds "9"]
[EventCountry "SRB"]
[SourceTitle "CBM 179 Extra"]
[Source "ChessBase"]
[SourceDate "2017.08.23"]
[SourceVersion "1"]
[SourceVersionDate "2017.08.23"]
[SourceQuality "1"]

1. e4 c5 2. c3 Nf6 3. e5 Nd5 4. d4 cxd4 5. Nf3 b6 6. cxd4 e6 7. Nc3 Nxc3 8. bxc3 Qc7 9. Bd2 Bb7 10. Bd3 d6 11. 0-0 Nd7 12. Re1 h6 13. Qe2 dxe5 14. dxe5 Be7 15. Nd4 a6 16. Be4 Nc5 17. Bxb7 Qxb7 18. Qg4 g6 19. Rab1 Rc8 20. Red1 h5 21. Qf3 Qxf3 22. Nxf3 Na4 23. Rdc1 b5 24. c4 Ba3 25. Rc2 Nb6 26. c5 Rxc5 27. Rxc5 Bxc5 28. Rc1 Nc4 29. Bg5 0-0 30. Nd2 Ba3 31. Rc2 Nxd2 32. Bxd2 Rd8 33. Kf1 Rd5 34. Bg5 Bc5 35. f4 Kf8 36. h3 Ke8 37. g4 Kd7 38. gxh5 gxh5 39. Rg2 Rd1+ 40. Ke2 Rg1 41. Rxg1 Bxg1 42. Kd3 Kc6 43. Ke4 Kc5 44. f5 Kc4 45. fxe6 fxe6 46. Bd2 Bb6 47. Kf4 Bd8 48. Ke4 a5 49. Bh6 b4 50. Kf4 a4 51. Bg5 Bxg5+ 52. Kxg5 b3 53. axb3+ axb3 54. Kxh5 b2 0-1

[Event "Senta op 20th"]
[Site "Senta"]
[Date "2016.07.24"]
[Round "4"]
[White "Molnar Gabor, Roland"]
[Black "Ivanov, Mikhail M"]
[Result "0-1"]
[WhiteElo "1935"]
[BlackElo "2400"]
[PlyCount "120"]
[EventDate "2016.07.22"]
[EventType "swiss"]
[EventRounds "9"]
[EventCountry "SRB"]
[SourceTitle "EXT 2017"]
[Source "ChessBase"]
[SourceDate "2016.10.25"]
[SourceVersion "1"]
[SourceVersionDate "2016.10.25"]
[SourceQuality "1"]

1. e4 c5 2. c3 Nf6 3. e5 Nd5 4. Bc4 Nb6 5. Bb3 d5 6. exd6 Qxd6 7. Nf3 c4 8. Bc2 Qe6+ 9. Qe2 g6 10. d4 cxd3 11. Bxd3 Qxe2+ 12. Kxe2 Bg7 13. Be3 Nc6 14. Bxb6 axb6 15. Nbd2 Be6 16. a3 0-0-0 17. Rad1 h6 18. Rhe1 g5 19. Bc4 Bf5 20. Nf1 e6 21. Ne3 Bg6 22. Rxd8+ Rxd8 23. Rd1 Re8 24. Rd2 Kc7 25. Nc2 Bh5 26. Kf1 Bxf3 27. gxf3 Ne5 28. Be2 Ng6 29. Bb5 Re7 30. Nd4 Be5 31. Kg1 Nh4 32. Be2 Bxd4 33. Rxd4 Rd7 34. Rxd7+ Kxd7 35. Kf1 Kd6 36. Ke1 Ke5 37. a4 Kf4 38. Kf1 Nxf3 39. Kg2 Nh4+ 40. Kg1 g4 41. b4 h5 42. h3 f5 43. hxg4 fxg4 44. a5 bxa5 45. bxa5 Nf3+ 46. Kg2 Ne5 47. Bd1 Nc6 48. Bb3 e5 49. Bd5 Nxa5 50. f3 g3 51. Bf7 h4 52. Bd5 b5 53. Be6 Nc4 54. Bd7 Ne3+ 55. Kh3 Kxf3 56. Bxb5 g2 57. Bc6+ e4 58. Bxe4+ Kxe4 59. Kh2 Kf3 60. c4 Kf2 0-1

[Event "Backa Topola-ch"]
[Site "Backa Topola"]
[Date "2010.11.24"]
[Round "4"]
[White "Kozomora, Dragan"]
[Black "Molnar Gabor, Roland"]
[Result "1-0"]
[WhiteElo "2113"]
[BlackElo "1928"]
[PlyCount "205"]
[EventDate "2010.11.17"]
[EventType "swiss"]
[EventRounds "9"]
[EventCountry "SRB"]
[SourceTitle "EXT 2019"]
[Source "ChessBase"]
[SourceDate "2018.10.10"]
[SourceVersion "1"]
[SourceVersionDate "2018.10.10"]
[SourceQuality "1"]

1. Nf3 Nf6 2. g3 d5 3. c4 dxc4 4. Qa4+ c6 5. Qxc4 Bf5 6. Bg2 e6 7. d3 Nbd7 8. 0-0 Be7 9. Nc3 0-0 10. Bf4 Nb6 11. Qb3 Nfd5 12. Bd2 Bf6 13. Na4 Nxa4 14. Qxa4 Qd7 15. Qb3 Bg4 16. h3 Bh5 17. g4 Bg6 18. e4 Nb6 19. Be3 Bd8 20. Ne5 Qe7 21. f4 Bc7 22. d4 f6 23. Nxg6 hxg6 24. f5 gxf5 25. gxf5 Rfe8 26. Rae1 Qf7 27. fxe6 Qxe6 28. Qc2 Rad8 29. Kh1 Bb8 30. a4 Nd7 31. Bg1 Nf8 32. Qf2 Ng6 33. Qf5 Qxf5 34. Rxf5 Nh4 35. Rff1 Nxg2 36. Kxg2 Rd7 37. Kf3 Red8 38. Re2 a6 39. Rd2 Ba7 40. Rfd1 Kf7 41. Be3 Rh8 42. Rh1 Rhd8 43. b4 Ke6 44. d5+ cxd5 45. exd5+ Rxd5 46. Rxd5 Rxd5 47. Bxa7 Rd3+ 48. Ke4 Rb3 49. a5 Rxb4+ 50. Kf3 Rb3+ 51. Kg4 Rb4+ 52. Kf3 Rb3+ 53. Ke4 Rb4+ 54. Kd3 Kd5 55. Kc3 Rf4 56. Rd1+ Ke6 57. Bd4 Rf3+ 58. Rd3 Rf5 59. Bb6 g5 60. Re3+ Kd6 61. Kd4 Rf4+ 62. Kd3 Rh4 63. Kc3 g4 64. hxg4 Rxg4 65. Re8 f5 66. Kd3 Rg3+ 67. Ke2 Rb3 68. Rb8 Kc6 69. Rc8+ Kd6 70. Rc7 f4 71. Rxb7 f3+ 72. Kf2 Kc6 73. Rc7+ Kb5 74. Rc5+ Ka4 75. Rf5 Rd3 76. Be3 Rb3 77. Bd2 Rd3 78. Ke1 Rd6 79. Rxf3 Kb5 80. Kd1 Kc6 81. Rf7 Rd7 82. Rf8 Kb7 83. Kc2 Rc7+ 84. Kb3 Rc8 85. Rf5 Rc7 86. Bf4 Rh7 87. Kc4 Rd7 88. Rf6 Rh7 89. Rb6+ Ka7 90. Be3 Rc7+ 91. Kd5 Ka8 92. Bc5 Rh7 93. Rxa6+ Kb8 94. Kc6 Rc7+ 95. Kb5 Rb7+ 96. Kc6 Rc7+ 97. Kd5 Rh7 98. Rf6 Rd7+ 99. Kc6 Rc7+ 100. Kb6 Rc8 101. Rf7 Rg8 102. Bd6+ Kc8 103. a6 1-0